MARC details
| 000 -LEADER |
| fixed length control field |
02424cam a22003617i 4500 |
| 001 - CONTROL NUMBER |
| control field |
20483486 |
| 003 - CONTROL NUMBER IDENTIFIER |
| control field |
OSt |
| 005 - DATE AND TIME OF LATEST TRANSACTION |
| control field |
20250420134822.0 |
| 008 - FIXED-LENGTH DATA ELEMENTS--GENERAL INFORMATION |
| fixed length control field |
180105s2018 enka b 001 0 eng d |
| 010 ## - LIBRARY OF CONGRESS CONTROL NUMBER |
| LC control number |
2017473502 |
| 020 ## - INTERNATIONAL STANDARD BOOK NUMBER |
| International Standard Book Number |
9781472947413 |
| Qualifying information |
hardback |
| 035 ## - SYSTEM CONTROL NUMBER |
| System control number |
(OCoLC)on1035374425 |
| 040 ## - CATALOGING SOURCE |
| Original cataloging agency |
MNW |
| Transcribing agency |
MNW |
| Description conventions |
rda |
| Modifying agency |
KCST |
| 042 ## - AUTHENTICATION CODE |
| Authentication code |
lccopycat |
| 050 00 - LIBRARY OF CONGRESS CALL NUMBER |
| Classification number |
HM846 |
| Item number |
.S84 2018 |
| 082 ## - DEWEY DECIMAL CLASSIFICATION NUMBER |
| Classification number |
302.231 |
| Item number |
Su Ou |
| 100 1# - MAIN ENTRY--PERSONAL NAME |
| Personal name |
Sumpter, David, |
| Relator term |
author. |
| 9 (RLIN) |
5381 |
| 245 10 - TITLE STATEMENT |
| Title |
Outnumbered : |
| Remainder of title |
from Facebook and Google to fake news and filter-bubbles - the algorithms that control our lives / |
| Statement of responsibility, etc. |
David Sumpter. |
| 260 #1 - PUBLICATION, DISTRIBUTION, ETC. |
| Place of publication, distribution, etc. |
London : |
| Name of publisher, distributor, etc. |
Bloomsbury Sigma, |
| Date of publication, distribution, etc. |
2018. |
| 300 ## - PHYSICAL DESCRIPTION |
| Extent |
272 pages : |
| Other physical details |
illustrations ; |
| Dimensions |
22 cm |
| 500 ## - GENERAL NOTE |
| General note |
'Featuring Cambridge analytica' -- on cover. |
| 504 ## - BIBLIOGRAPHY, ETC. NOTE |
| Bibliography, etc. note |
Includes bibliographical references and index. |
| 505 0# - FORMATTED CONTENTS NOTE |
| Formatted contents note |
Analysing us. Finding Banksy -- Make some noise -- The principal components of friendship -- One hundred dimensions of you -- Cambridge hyperbolytica -- Impossibly unbiased -- The data alchemists -- Influencing us. Nate Silver vs the rest of us -- We 'also liked' the internet -- The popularity contest -- Bubbling up -- Football matters -- Who reads fake news? -- Becoming us. Learning to be sexist -- The only thought between the decimal -- Kick your ass at Space Invaders -- The bacterial brain -- Back to reality. |
| 520 ## - SUMMARY, ETC. |
| Summary, etc. |
"In this book, David Sumpter takes an algorithm-strewn journey to the dark side of mathematics. He investigates the equations that analyse us., influence us and will (maybe) become like us, answering questions such as: Are Google algorithms racist and sexist? ; Why do election predictions fall so drastically? ; What does the future hold as we relinquish our decision-making to machines? Featuring interviews with those working at the cutting edge of algorithm research, along with a healthy dose of mathematical self-experiment, Outnumbered will explain how mathematics and statistics work in the real world, and what we should and shouldn't worry about."--from book cover |
| 650 #0 - SUBJECT ADDED ENTRY--TOPICAL TERM |
| Topical term or geographic name entry element |
Mathematical models |
| General subdivision |
Social aspects. |
| 9 (RLIN) |
5382 |
| 650 #0 - SUBJECT ADDED ENTRY--TOPICAL TERM |
| Topical term or geographic name entry element |
Human behavior |
| General subdivision |
Mathematical models. |
| 9 (RLIN) |
5383 |
| 650 #0 - SUBJECT ADDED ENTRY--TOPICAL TERM |
| Topical term or geographic name entry element |
Algorithms |
| General subdivision |
Social aspects. |
| 9 (RLIN) |
5384 |
| 650 #0 - SUBJECT ADDED ENTRY--TOPICAL TERM |
| Topical term or geographic name entry element |
Social indicators |
| General subdivision |
Mathematical models. |
| 9 (RLIN) |
5385 |
| 650 #0 - SUBJECT ADDED ENTRY--TOPICAL TERM |
| Topical term or geographic name entry element |
Big data |
| General subdivision |
Social aspects. |
| 9 (RLIN) |
5386 |
| 650 #0 - SUBJECT ADDED ENTRY--TOPICAL TERM |
| Topical term or geographic name entry element |
Filter bubbles (Information filtering) |
| 9 (RLIN) |
5387 |
| 942 ## - ADDED ENTRY ELEMENTS (KOHA) |
| Koha item type |
Book |
| 942 ## - ADDED ENTRY ELEMENTS (KOHA) |
| Source of classification or shelving scheme |
Dewey Decimal Classification |